[Event "Titled Tuesday intern op 07th Jun Early"]
[Site "Chess.com INT"]
[Date "2022.06.07"]
[Round "9"]
[White "Barria Zuniga, Daniel"]
[Black "Girinath, PDS"]
[Result "0-1"]
[WhiteElo "2341"]
[BlackElo "2361"]
[PlyCount "92"]
[EventDate "2022.06.07"]
[EventType "swiss (blitz)"]
[EventRounds "11"]
[EventCountry "USA"]
[SourceTitle "CBM 208 Extra"]
[Source "ChessBase"]
[SourceDate "2022.07.31"]
[SourceVersion "1"]
[SourceVersionDate "2022.07.31"]
[SourceQuality "1"]

1. d4 e6 2. c4 f5 3. g3 Nf6 4. Bg2 Be7 5. Nf3 0-0 6. 0-0 d6 7. b4 Ne4 8. a4 Bf6 9. e3 a5 10. b5 c5 11. Nbd2 Nc3 12. Qc2 Ne2+ 13. Kh1 cxd4 14. exd4 Nxd4 15. Nxd4 Bxd4 16. Bb2 Bxb2 17. Qxb2 Nd7 18. Rfe1 Nc5 19. Qc2 Ra7 20. Nb3 b6 21. Rad1 Nxb3 22. Qxb3 Qe7 23. Qe3 Qc7 24. Rd4 Qc5 25. Red1 Rd7 26. Qd2 Rfd8 27. Kg1 h6 28. Bc6 Bb7 29. Bxd7 Rxd7 30. Rxd6 Rxd6 31. Qxd6 Qxc4 32. Qb8+ Kh7 33. Qxb7 Qxa4 34. Re1 Qxb5 35. Qe7 a4 36. Qxe6 a3 37. Re5 Qb1+ 38. Re1 a2 39. Qe5 b5 40. Qa1 Qc2 41. Rc1 Qd2 42. Rd1 Qc2 43. Re1 b4 44. Re7 Qb1+ 45. Re1 Qxa1 46. Rxa1 b3 0-1

[Event "Titled Tuesday intern op 07th Jun Early"]
[Site "Chess.com INT"]
[Date "2022.06.07"]
[Round "2"]
[White "Girinath, PDS"]
[Black "Beerdsen, Thomas"]
[Result "0-1"]
[WhiteElo "2361"]
[BlackElo "2494"]
[PlyCount "72"]
[EventDate "2022.06.07"]
[EventType "swiss (blitz)"]
[EventRounds "11"]
[EventCountry "USA"]
[SourceTitle "CBM 208 Extra"]
[Source "ChessBase"]
[SourceDate "2022.07.31"]
[SourceVersion "1"]
[SourceVersionDate "2022.07.31"]
[SourceQuality "1"]

1. e4 e5 2. Nf3 Nc6 3. Bb5 f5 4. d3 fxe4 5. dxe4 Nf6 6. Nc3 Bb4 7. Qd3 Bxc3+ 8. bxc3 d6 9. a4 0-0 10. Bc4+ Kh8 11. Ng5 Qe8 12. h4 h6 13. a5 Nh5 14. g3 hxg5 15. hxg5 g6 16. Be3 Kg7 17. Kd2 Be6 18. a6 b6 19. Rh4 Na5 20. Bd5 c6 21. Bxe6 Qxe6 22. Rah1 Nc4+ 23. Kc1 Nxe3 24. Qxe3 Rh8 25. f4 exf4 26. gxf4 Rae8 27. Qd4+ Kf7 28. f5 Qe5 29. Qc4+ Ke7 30. Qxc6 Rc8 31. Qb7+ Kd8 32. R1h3 Rf8 33. Qxa7 Qa5 34. f6 Qxg5+ 35. Kb2 Qb5+ 36. Kc1 Rxf6 0-1

[Event "Titled Tuesday intern op 07th Jun Early"]
[Site "Chess.com INT"]
[Date "2022.06.07"]
[Round "1"]
[White "Girinath, PDS"]
[Black "Strybuk, Artsiom I"]
[Result "1-0"]
[WhiteElo "2361"]
[BlackElo "2296"]
[PlyCount "91"]
[EventDate "2022.06.07"]
[EventType "swiss (blitz)"]
[EventRounds "11"]
[EventCountry "USA"]
[SourceTitle "CBM 208 Extra"]
[Source "ChessBase"]
[SourceDate "2022.07.31"]
[SourceVersion "1"]
[SourceVersionDate "2022.07.31"]
[SourceQuality "1"]

1. e4 c5 2. Nf3 Nc6 3. Bb5 e6 4. 0-0 Nge7 5. b3 a6 6. Bxc6 Nxc6 7. Bb2 b5 8. c4 Bb7 9. Re1 bxc4 10. bxc4 f6 11. Nc3 Bd6 12. Rb1 0-0 13. Na4 Nb4 14. Bc3 Bc6 15. Bxb4 cxb4 16. d4 Qa5 17. Nb2 Bb7 18. c5 Be7 19. Qb3 Qb5 20. Nc4 a5 21. a4 Qc6 22. Rbc1 Kh8 23. Nb6 Ba6 24. d5 Qb7 25. Nxa8 Rxa8 26. dxe6 dxe6 27. Qxe6 h6 28. c6 Qc7 29. Nd4 Bc8 30. Qf7 Bd6 31. Qxc7 Bxc7 32. Nb5 Be5 33. Red1 Ba6 34. c7 Rc8 35. Rd8+ Kh7 36. Rxc8 Bxc8 37. Na7 Bd7 38. c8Q Bxc8 39. Nxc8 Bc3 40. Nb6 Kg6 41. Nc4 f5 42. exf5+ Kxf5 43. Nxa5 Ke4 44. Nb3 Kd3 45. a5 Kc4 46. a6 1-0

[Event "Titled Tuesday intern op 07th Jun Early"]
[Site "Chess.com INT"]
[Date "2022.06.07"]
[Round "3"]
[White "Thavandiran, Shiyam"]
[Black "Girinath, PDS"]
[Result "1-0"]
[WhiteElo "2389"]
[BlackElo "2361"]
[PlyCount "157"]
[EventDate "2022.06.07"]
[EventType "swiss (blitz)"]
[EventRounds "11"]
[EventCountry "USA"]
[SourceTitle "CBM 208 Extra"]
[Source "ChessBase"]
[SourceDate "2022.07.31"]
[SourceVersion "1"]
[SourceVersionDate "2022.07.31"]
[SourceQuality "1"]

1. e4 e6 2. d4 d5 3. e5 c5 4. c3 Nc6 5. Nf3 Nh6 6. Bxh6 gxh6 7. Be2 Bg7 8. 0-0 0-0 9. a3 cxd4 10. cxd4 f6 11. exf6 Qxf6 12. Nc3 Nxd4 13. Nxd4 Qxd4 14. Bg4 Qxd1 15. Raxd1 d4 16. Nb5 e5 17. Bf3 Bd7 18. Bd5+ Kh8 19. Nd6 Bc6 20. Nf7+ Kg8 21. Nxh6+ Kh8 22. Nf7+ Kg8 23. Bxc6 bxc6 24. Nd6 Rfb8 25. Rd2 Rb3 26. Re1 Rab8 27. Nc4 Kf7 28. Kf1 Ke6 29. Nxe5 Bxe5 30. f4 Re3 31. fxe5 Rxe1+ 32. Kxe1 Kxe5 33. Re2+ Kd5 34. b4 a5 35. bxa5 Ra8 36. Re7 c5 37. Rxh7 Rxa5 38. Rh3 Kc4 39. Kd2 Rb5 40. Kc2 Rb7 41. Rf3 Re7 42. Rf2 Re3 43. Kb2 Kb5 44. g4 c4 45. g5 d3 46. g6 Re2+ 47. Rxe2 dxe2 48. g7 e1Q 49. g8Q Qd2+ 50. Kb1 Qd1+ 51. Kb2 Qb3+ 52. Kc1 Qxa3+ 53. Kd1 Qf3+ 54. Kd2 Qf2+ 55. Kc3 Qe3+ 56. Kc2 Qe2+ 57. Kc3 Qd3+ 58. Kb2 c3+ 59. Ka3 c2+ 60. Kb2 Qd2 61. Qb3+ Ka6 62. Qc4+ Ka5 63. Qc5+ Ka6 64. Qc6+ Ka5 65. Qc7+ Ka6 66. Qxc2 Qb4+ 67. Kc1 Qe1+ 68. Kb2 Qb4+ 69. Ka2 Qa5+ 70. Kb3 Qb5+ 71. Kc3 Qe5+ 72. Kd3 Qf5+ 73. Kd2 Qf2+ 74. Kc3 Qc5+ 75. Kb3 Qxc2+ 76. Kxc2 Kb5 77. h4 Kc5 78. h5 Kd5 79. h6 1-0